Quizzes
Events
Quiz Creation
Community
Videos
Private Events
Remove Ads
Sign In
Join for FREE
Feedback
Dark Mode
Quiz Categories
Sports
Geography
Music
Movies
Television
Just For Fun
Miscellaneous
History
Literature
Language
Science
Gaming
Entertainment
Religion
Holiday
For Kids
Quiz Lab
Recent
Popular Today
Quiz Kudos Today
Editor Picks
Curator Picks
Quizzes by...
Day
Popularity
Type
Ratings
Length
Year
Community
Subscriptions
Recent Discussions
Orange Saloon
Badges
Playlists
Quests
Create
Leaderboards
Showdown
Live 5
Trivia Bingo
Activity
Puzzle Library
Sporcle Events
Private Events
Virtual Trivia
Globe League
Become a Host
Pub Owners
SporcleCon
Opinionation
Our Games
Videos
Blog
Mobile Apps
Partnerships
Remove Ads and Go Orange
Feedback
Miscellaneous
Crossword
General Knowledge
Baby Names
Logo
Food
Cars
Numbers
Grab Bag
University
College
Popular
Company
Slogans
Restaurants
Justice
Letter
Miscellaneous
Crossword
General Knowledge
Baby Names
Logo
Food
Cars
Numbers
Grab Bag
University
College
Popular
Company
Slogans
Restaurants
Justice
Letter
Random Quiz
Search Sporcle
×
Quiz Lab
Quiz Lab
Miscellaneous
Country
Type in answers that appear in a list
Type in answers that appear in a list
Classic
Best Score? Go Orange.
Beer Consumption of the World Stats
Can you name the Beer Consumption of the World?
By
mitchellhoi
3m
19 Questions
714 Plays
714 Plays
714 Plays
Comments
Comments
Give Quiz Kudos
Give Quiz Kudos
-
- Ratings
hide this ad
Replay
Link that replays current quiz
Next Quiz
Link to next quiz in quiz playlist
You Got
0%
They Got
Avg Score
63%
Avg Friend Score
Upgrade to see
Score Distribution
Jump to the score distribution portion of the page
Score
0/19
Timer
03:00
0
Plays Today
Nr.
Country
% Correct
12.
United States
97.2%
3.
Germany
96.4%
19.
Canada
88%
2.
Ireland
86.4%
5.
United Kingdom
85.6%
9.
Australia
73.1%
14.
Poland
69.6%
4.
Austria
68.6%
7.
Belgium
68.5%
15.
Netherlands
67.4%
Nr.
Country
% Correct
1.
Czech Republic
66%
7.
Denmark
64.1%
13.
Finland
56.7%
17.
New Zealand
53.5%
10.
Slovakia
50.4%
18.
Hungary
48.6%
5.
Luxembourg
40.5%
16.
Estonia
28%
11.
Venezuela
7%
Quiz Playlist
Details
Report
Send in Message
Add To Playlist
Classic:
Type in answers that appear in a list
Last Updated: Feb 16, 2017
Quiz Scoreboard
CHALLENGE
Sign Up to Join the Scoreboard
Show All
Scores
Hide
Comments
May contain spoilers
Recently Published
TV Characters by Other Roles V
by ghcgh
Television
5m
Decade Duel: World Leaders
by jenniferyan
History
4m
Alphabetical 'K' Countries by Flag Minefield
by ylime102
Geography
3m
More to Explore
Quiz From the Vault
Featured Blog Post
15 Basketball Trivia Facts You Can Be March Mad About
hide this ad
You Might Also Like...
Tags
Country Quiz
World Quiz
Beer
Beer Consumption
consumption
resident
Today's Top Quizzes in Miscellaneous
Browse Miscellaneous
hide this ad
Today's Top Quizzes in Country
Browse Country
Top Contributed Quizzes in Miscellaneous
1
The JOE quick-fire general knowledge quiz: Day 166
2
Spring Months consonants
3
The JOE quick-fire general knowledge quiz: Day 165
4
Pick 6: Supreme Pizza
5
Pick 6: Vegetables
6
Four Seasons
7
Pick 6: University Mascots
8
Guess the 'S' Things in 3 Words
9
The JOE quick-fire general knowledge quiz: Day 164
10
Sporcle Acrostic Puzzle XXXV
Explore More
Trending Topics
NBA
Anime
Crossword
Harry Potter
Disney
Marvel
Kpop
Puzzle
The Office
Song
Country
Soccer
Pokémon
NFL
WWE
hide this ad
More By:
mitchellhoi
Quiz
Plays
Rating
Category
Featured
Created
20 Most guessed right on U.S. States Quiz
5,702
2.86
Geography
Nov 12, 2009
Learning Dutch
3,588
3.98
Geography
Nov 29, 2009
36 Soccerclubs in the Netherlands
2,522
4.25
Sports
Oct 9, 2009
Biggest car companies
1,114
3.33
Miscellaneous
Nov 5, 2009
20 Least guessed right on U.S. States Quiz
1,103
4.00
Geography
Nov 13, 2009
Go to Creator's Profile
Score Distribution
Quiz Creator Spotlight
mitchellhoi
Follow
Send a Message
Quizzes Created
-
Created Quiz Play Count
-
More By This Creator
Popular Quizzes Today
1
Countries of Asia Without Outlines Minefield
2
Find the US States - No Outlines Minefield
3
Pick 6: Fruits
4
The Countries of the World
5
Alphabetical 'K' Countries by Flag Minefield
6
Find the Countries of Europe - No Outlines Minefield
7
US States
8
Find the US States
More Miscellaneous Quizzes
Answer Strings XXIV
Published
Trending Quizzes
Pick 6: Mountains
Pick 6: Harry Potter
Pick 6: Flags
Pick 6: NFL Teams
Pick 6: Movie Franchises
Recently Updated
Adaptations: Name the Title
pecheneg
NWSL Teams
pecheneg
Women's Final Four Teams by Year
bhenderson79
Presidents Quartet II
eogle
Anything But Clue(do)
eogle
Anything But Oceanian Capitals
eogle
Anything But 7
eogle
Anything But Thing
eogle
Word Ladder: February 29
pecheneg
Song Title Questions
pecheneg
Trending Topics
Disney
Crossword
NBA
Marvel
Kpop
Anime
Harry Potter
The Office
NFL
Soccer
WWE
Pokémon
Puzzle
Song
Country
Your Account Isn't Verified!
In order to create a playlist on Sporcle, you need to verify the email address you used during registration. Go to your
Sporcle Settings
to finish the process.
Report this User
Report this user for behavior that violates our
Community Guidelines
.
Details:
Send Report
Go to the Sporcle.com Mobile Site →
Comments